Qualitative research in marketing (Record no. 5161)

MARC details
000 -CABECERA
campo de control de longitud fija 01416cam a2200277 i 4500
001 - NÚMERO DE CONTROL
campo de control 816271
005 - FECHA Y HORA DE LA ÚLTIMA TRANSACCIÓN
campo de control 20260512145950.0
008 - DATOS DE LONGITUD FIJA--INFORMACIÓN GENERAL
campo de control de longitud fija 760206s1976 ilu b 000 0 eng
010 ## - NÚMERO DE CONTROL DE LA BIBLIOTECA DEL CONGRESO
Número de control de LC 76003765
020 ## - NÚMERO INTERNACIONAL ESTÁNDAR DEL LIBRO
Número Internacional Estándar del Libro 9780877570707
035 ## - NÚMERO DE CONTROL DEL SISTEMA
Número de control de sistema 816271
040 ## - FUENTE DE LA CATALOGACIÓN
Centro catalogador/agencia de origen DLC
Centro/agencia transcriptor DLC
Centro/agencia modificador DLC
050 00 - SIGNATURA TOPOGRÁFICA DE LA BIBLIOTECA DEL CONGRESO
Número de clasificación HF5415.2
Número de documento/Ítem .B455
100 ## - ENTRADA PRINCIPAL--NOMBRE DE PERSONA
Nombre de persona Bellenger, Danny N.
Fechas asociadas al nombre 1946-
9 (RLIN) 26455
Término indicativo de función/relación author
245 10 - MENCIÓN DE TÍTULO
Título Qualitative research in marketing
Mención de responsabilidad, etc. / Danny N. Bellenger, Kenneth L. Bernhardt, Jac L. Goldstucker.
260 ## - PUBLICACIÓN, DISTRIBUCIÓN, ETC.
Lugar de publicación, distribución, etc. Chicago, IL :
Nombre del editor, distribuidor, etc. American Marketing Association,
Fecha de publicación, distribución, etc. 1976.
300 ## - DESCRIPCIÓN FÍSICA
Extensión x, 76 pages ;
Dimensiones 23 cm.
490 ## - MENCIÓN DE SERIE
Mención de serie Monographs series
Especificación de materiales American Marketing Association
Designación de volumen o secuencia 3
504 ## - NOTA DE BIBLIOGRAFÍA, ETC.
Nota de bibliografía, etc. Bibliography: p. 70-76.
520 ## - SUMARIO, ETC.
Sumario, etc. This monograph is intended to provide a concise treatment of qualitative research in marketing. It is written primarily for the marketing manager to improvise his ability to contract for, interpret, and use qualitative marketing research. It may also prove useful to beginning marketing researchers who need an introduction to this area. The text draws both from academic writing and from interviews with applied marketing researchers. A blend of theoretical and applied concepts has been sought.
650 #0 - PUNTO DE ACCESO ADICIONAL DE MATERIA--TÉRMINO DE MATERIA
Término de materia o nombre geográfico como elemento de entrada Marketing research
9 (RLIN) 1465
650 #0 - PUNTO DE ACCESO ADICIONAL DE MATERIA--TÉRMINO DE MATERIA
Término de materia o nombre geográfico como elemento de entrada Qualitative research
9 (RLIN) 5949
700 ## - ENTRADA AGREGADA--NOMBRE PERSONAL
Nombre de persona Bernhardt, Kenneth L.
Fechas asociadas al nombre 1944-
Término indicativo de función/relación author
9 (RLIN) 25937
700 ## - ENTRADA AGREGADA--NOMBRE PERSONAL
Nombre de persona Goldstucker, Jac L.
Término indicativo de función/relación author
9 (RLIN) 25938
942 ## - ELEMENTOS DE ENTRADA AGREGADA (KOHA)
Fuente del sistema de clasificación o colocación Clasificación de Library of Congress
Holdings
Estado de retiro Estado de pérdida Fuente del sistema de clasificación o colocación Estado dañado No para préstamo Biblioteca de origen Biblioteca actual Fecha de adquisición Total de préstamos Signatura topográfica completa Código de barras Fecha visto por última vez Número de copia Precio válido a partir de Tipo de ítem Koha
    Clasificación de Library of Congress     TBS Barcelona TBS Barcelona 10/11/2025   HF5415.2 BEL B05673 10/11/2025 1 10/11/2025 Book

Powered by Koha